00429cam a2200169ua 45000010005000000080039000050400009000440820011000531000019000642450043000832500009001262600039001353000017001746530014001916530034002057000020002392337110806n ii |||gr||||Z||||||eng cMAIN a370.54 aBora,eAuthor.1 aHistory of education in indiacby Bora a1st. acalcutta:bSribhumi publishing co. a244p:c23cm. aEducation ahistory of education in india aDutta,eAuthor.